[Event "Online Olym Disabilities"]
[Site "Tornelo INT"]
[Date "2020.11.24"]
[Round "4.13"]
[White "Watpade, Vivek"]
[Black "Lambert, Pierre1111"]
[Result "1-0"]
[WhiteElo "1344"]
[BlackElo "1647"]
[PlyCount "99"]
[EventDate "2020.11.21"]
[EventType "team-swiss (rapid)"]
[EventRounds "7"]
[EventCountry "NET"]
[SourceTitle "CBM 199 Extra"]
[Source "ChessBase"]
[SourceDate "2021.01.31"]
[SourceVersion "1"]
[SourceVersionDate "2021.01.31"]
[SourceQuality "1"]
[WhiteTeam "India III"]
[BlackTeam "Canada"]
[WhiteTeamCountry "IND"]
[BlackTeamCountry "CAN"]

1. e4 c5 2. Nf3 Nc6 3. Bb5 a6 4. Bxc6 dxc6 5. d3 Bg4 6. Nbd2 e5 7. h3 Bxf3 8. Nxf3 Qd6 9. b3 Be7 10. Qd2 Nf6 11. Qg5 0-0 12. Qxe5 Qxe5 13. Nxe5 Bd6 14. Nc4 Bc7 15. Bb2 Nd7 16. Ne3 Rae8 17. Kd2 Ne5 18. f4 Ng6 19. g3 f6 20. a4 Rf7 21. Rag1 Rd7 22. Ke2 b5 23. Kf3 Ne7 24. Ra1 b4 25. Rag1 Ng6 26. Nc4 Rf7 27. h4 Ne5+ 28. fxe5 fxe5+ 29. Ke3 Ref8 30. Rg2 Rf3+ 31. Ke2 R3f7 32. Nxe5 Bxe5 33. Bxe5 Rd7 34. Rf1 Rfd8 35. Rgf2 h6 36. g4 Re8 37. Bh2 c4 38. bxc4 a5 39. Rf5 Ra8 40. Rc5 Ra6 41. Rff5 Rda7 42. Bg1 g6 43. Rf6 Rf7 44. Rxg6+ Kh7 45. Rcxc6 Rxc6 46. Rxc6 Rf4 47. g5 Rxh4 48. Rxh6+ Rxh6 49. gxh6 Kxh6 50. Bb6 1-0

[Event "Online Olym Disabilities"]
[Site "Tornelo INT"]
[Date "2020.11.23"]
[Round "3.4"]
[White "Watpade, Vivek"]
[Black "Angot, Cheryl A"]
[Result "1-0"]
[WhiteElo "1344"]
[BlackElo "1315"]
[PlyCount "79"]
[EventDate "2020.11.21"]
[EventType "team-swiss (rapid)"]
[EventRounds "7"]
[EventCountry "NET"]
[SourceTitle "CBM 199 Extra"]
[Source "ChessBase"]
[SourceDate "2021.01.31"]
[SourceVersion "1"]
[SourceVersionDate "2021.01.31"]
[SourceQuality "1"]
[WhiteTeam "India III"]
[BlackTeam "Philippines II"]
[WhiteTeamCountry "IND"]
[BlackTeamCountry "PHI"]

1. e4 e5 2. Nf3 Nc6 3. Bc4 Nf6 4. d3 Bc5 5. c3 h6 6. b4 Bd6 7. 0-0 0-0 8. Re1 a6 9. a4 Kh8 10. Ba2 Nh7 11. Nbd2 Ne7 12. Nc4 Ng6 13. a5 Qe7 14. d4 f6 15. h4 Re8 16. h5 Ngf8 17. Nh4 Ng5 18. Nf5 Qd8 19. Nfxd6 cxd6 20. Nxd6 Re7 21. dxe5 fxe5 22. Bxg5 hxg5 23. Nf7+ Rxf7 24. Bxf7 Qf6 25. Qd5 g4 26. Rad1 Nh7 27. Bg6 Ng5 28. Qd6 Ne6 29. Rd5 g3 30. fxg3 b5 31. Rf1 Qd8 32. Qxe6 Bb7 33. Rxd7 Qb8 34. Qf7 Qg8 35. Qxg8+ Kxg8 36. Rxb7 Rc8 37. Rff7 Rd8 38. Rxg7+ Kf8 39. Rbf7+ Ke8 40. Rg8# 1-0